000 00427nam a22001457a 4500
003 OSt
005 20260408051220.0
008 260408b |||||||| |||| 00| 0 eng d
020 _a9789710405305
040 _aDWCL GS lib
_cOC
082 _aRes.(Fil.) 808.85 F198 2006
245 _aFamous Speeches of World's Leaders & Personalities Book 1
300 _aiii, 106 pages:
_c13cm.
942 _2ddc
_cBK-0 CIRC
_hRes.(Fil.)
_n0
999 _c9346
_d9346